000 00724nam a2200193 i 4500
001 180527
003 ES-MaACL
005 20230906221124.0
008 120612s1974 sp |||| | spa d
080 _a582.29(043.2)
100 1 _aLlimona Pagés, Xavier.
_972781
245 1 4 _aLas comunidades de líquenes de los yesos de España.. /
_cpor Xavier Llimona Pages.
260 _aBarcelona :
_bUniversidad de Barcelona, Secretariado de Publicaciones, Intercambio Científico y Extensión Universitaria,
_c1974.
300 _a18 p. :
_bgrab. ;
_c24 cm.
502 _aTesis-Universidad Barcelona (Extracto)
650 4 _aLíquenes.
_9150476
710 2 _aUniversidad de Barcelona.
_97141
852 _aES-MaACL
_jE-15362(110)
999 _c180527
_d180527